The juvenile justice system : (Record no. 32515)
[ view plain ]
| 000 -LEADER | |
|---|---|
| fixed length control field | 01282cam a2200337 i 4500 |
| 001 - CONTROL NUMBER | |
| control field | vtls003253572 |
| 003 - CONTROL NUMBER IDENTIFIER | |
| control field | MY-SjTCS |
| 005 - DATE AND TIME OF LATEST TRANSACTION | |
| control field | 20200226104104.0 |
| 008 - FIXED-LENGTH DATA ELEMENTS--GENERAL INFORMATION | |
| fixed length control field | 130730t2013 njua b 001 0 eng |
| 020 ## - INTERNATIONAL STANDARD BOOK NUMBER | |
| International Standard Book Number | 9780132764469 (hardback) |
| 020 ## - INTERNATIONAL STANDARD BOOK NUMBER | |
| International Standard Book Number | 0132764466 (hardback) |
| 039 #9 - LEVEL OF BIBLIOGRAPHIC CONTROL AND CODING DETAIL [OBSOLETE] | |
| Level of rules in bibliographic description | 201809071409 |
| Level of effort used to assign nonsubject heading access points | VLOAD |
| Level of effort used to assign subject headings | 201403141546 |
| Level of effort used to assign classification | shuhada |
| Level of effort used to assign subject headings | 201403141532 |
| Level of effort used to assign classification | shuhada |
| Level of effort used to assign subject headings | 201403141526 |
| Level of effort used to assign classification | shuhada |
| -- | 201307301354 |
| -- | malathy |
| 040 ## - CATALOGING SOURCE | |
| Original cataloging agency | rda |
| 043 ## - GEOGRAPHIC AREA CODE | |
| Geographic area code | n-us--- |
| 082 04 - DEWEY DECIMAL CLASSIFICATION NUMBER | |
| Classification number | 345.7308 |
| Item number | CHA 2013 |
| 100 1# - MAIN ENTRY--PERSONAL NAME | |
| Personal name | Champion, Dean J., |
| Relator term | author. |
| 9 (RLIN) | 70446 |
| 245 14 - TITLE STATEMENT | |
| Title | The juvenile justice system : |
| Remainder of title | delinquency, processing, and the law / |
| Statement of responsibility, etc. | Dean John Champion, Alida V. Merlo, Peter J. Benekos. |
| 250 ## - EDITION STATEMENT | |
| Edition statement | Seventh edition. |
| 264 #1 - PRODUCTION, PUBLICATION, DISTRIBUTION, MANUFACTURE, AND COPYRIGHT NOTICE | |
| Place of production, publication, distribution, manufacture | Upper Saddle River, New Jersey : |
| Name of producer, publisher, distributor, manufacturer | Pearson Education, |
| Date of production, publication, distribution, manufacture, or copyright notice | [2013] |
| 264 #4 - PRODUCTION, PUBLICATION, DISTRIBUTION, MANUFACTURE, AND COPYRIGHT NOTICE | |
| Date of production, publication, distribution, manufacture, or copyright notice | ©2013 |
| 300 ## - PHYSICAL DESCRIPTION | |
| Extent | xvx, 549 pages ; |
| Dimensions | 26 cm. |
| 336 ## - CONTENT TYPE | |
| Content type term | text |
| Source | rdacontent |
| 337 ## - MEDIA TYPE | |
| Media type term | unmediated |
| Source | rdamedia |
| 338 ## - CARRIER TYPE | |
| Carrier type term | volume |
| Source | rdacarrier |
| 504 ## - BIBLIOGRAPHY, ETC. NOTE | |
| Bibliography, etc. note | Includes bibliographical references (pages 501-524) and indexes. |
| 650 #0 - SUBJECT ADDED ENTRY--TOPICAL TERM | |
| Topical term or geographic name entry element | Juvenile justice, Administration of |
| Geographic subdivision | United States. |
| 9 (RLIN) | 11177 |
| 650 #0 - SUBJECT ADDED ENTRY--TOPICAL TERM | |
| Topical term or geographic name entry element | Juvenile courts |
| Geographic subdivision | United States. |
| 9 (RLIN) | 27809 |
| 700 1# - ADDED ENTRY--PERSONAL NAME | |
| Personal name | Benekos, Peter J., |
| Relator term | author. |
| 9 (RLIN) | 70445 |
| 700 1# - ADDED ENTRY--PERSONAL NAME | |
| Personal name | Merlo, Alida V., |
| Relator term | author. |
| 9 (RLIN) | 70444 |
| 920 ## - Programme | |
| Programme | CPU : 202068 |
| Withdrawn status | Lost status | Source of classification or shelving scheme | Damaged status | Not for loan | Collection code | Home library | Current library | Date acquired | Total Checkouts | Barcode | Date last seen | Date last checked out | Copy number | Koha item type | Public note |
|---|---|---|---|---|---|---|---|---|---|---|---|---|---|---|---|
| Withdrawn | Dewey Decimal Classification | Please fill up online form at https://taylorslibrary.taylors.edu.my/services/external_storage1 | TC External Storage | TC External Storage | 11/03/2014 | 4 | 5000151460 | 05/12/2019 | 11/06/2014 | 1 | Main Collection | CPUxx,02000,03,CL |